000 00341nam a2200133Ia 4500
005 20260328104246.0
008 260328s9999||||xx |||||||||||||| ||und||
100 _aIntalaciones
245 0 _aInstalaciones Hidraulicas y Sanitarias /
_cIntalaciones
260 _bInstalaciones
300 _a100 p.
650 _aCONSTRUCCIÓN
942 _cBK
999 _c10091
_d10091